Qué es el derecho?. Una descripción del fenómeno jurídico

Збережено в:
Бібліографічні деталі
Автор: Squella Narducci, Agustín (Автор)
Формат: Книга
Мова:Іспанська
Опубліковано: Santiago Jurídica de Chile 2007
Редагування:1a. ed
Серія:Manuales Jurídicos
Предмети:
Теги: Додати тег
Немає тегів, Будьте першим, хто поставить тег для цього запису!

MARC

LEADER 00000nam a2200000 a 4500
001 UCI4159
003 CL-VaPUC
008 071228e20070000CL |||||||||||||||||spa|d
020 |a 9789561018259 
082 0 4 |a 340.1  |b SQU  |2 21 
100 0 |a Squella Narducci, Agustín  |e author  |9 525864 
245 1 0 |a Qué es el derecho?. Una descripción del fenómeno jurídico 
250 |a 1a. ed 
300 |a 93 p 
942 |c BK 
945 |d 20071228 00:00:00  |a rbrito 
260 |a Santiago  |b Jurídica de Chile  |c 2007 
650 0 |a Filosofía del derecho   |9 255050 
583 |a last modification  |c 20071228 00:00:00  |k Rodrigo Vera 
490 0 |a Manuales Jurídicos 
999 |c 328141  |d 328139 
952 |0 0  |1 0  |4 0  |6 340_100000000000000_SQU_2007  |7 0  |8 A  |9 411921  |a BIBDER  |b BIBDER  |d 2019-11-22  |i 4398688  |l 2  |o 340.1 SQU 2007  |p 4398688  |r 2024-06-05  |s 2024-06-05  |w 2019-11-22  |y BK  |k DER